000 01412nam a2200313 a 4500
001 000048441
003 Ost
005 20260321073644.0
008 190315s2018 dr r 000 j spa d
020 _a9789945503432
040 _aDO-SdBNP
_bspa
_cBNPHU
082 _aRD863.44
_bB742c, 2018
100 1 _a Bosch, Juan,
_d1909-2001
_976555
245 1 0 _aCuentos escritos antes del exilio. /
_cJuan Bosch ; prólogo Bruno Rosario Candelier.
260 _aSanto Domingo :
_bMinisterio de Cultura,
_c2018.
300 _axxii, 219 p. ;
_c19 cm.
490 1 _aBiblioteca Dominicana Básica
490 1 _aNarrativa;
_v17
500 _aIncluye datos biográficos del autor en las solapas
504 _aBibliografía: p. 17-22
505 0 _aLa mujer --
_tDos pesos de agua --
_tLa verdad --
_tPiloncito --
_tEl resguardo --
_tEl cobarde --
_tChucho --
_tLa pulpería --
_tRevolución --
_tEl abuelo --
_tSombras --
_tEl alzado --
_tLa pájara --
_tEl algarrobo --
_tForzados --
_tEl cuchillo --
_tCundito --
_tGuaraguaos --
_tLa sangre --
_tLucero --
_tLo mejor --
_tSan Andrés --
_tLa negación --
_tCamino real.
590 _aInventariado, 2019/BT
650 1 0 _aCuentos dominicanos
_9176
650 1 0 _aLiteratura dominicana.
_967
700 1 _aRosario Candelier, Bruno,
_d1941-
_epról.
_9851
830 0 _aBiblioteca Dominicana Básica
_pNarrativa
_n17
_975855
910 _aValidado. Control de calidad. MFF
942 _2ddc
_cLBS1
999 _c47929
_d47929